Biblioteka Instytutu Północnego w Olsztynie

Ostatnia bije godzina... 1920 r. : (Rekord nr 27868)

Szczegóły MARC
000 -Nagłówek
fixed length control field 02339cam a2200541 i 4500
001 - Nr kontrolny bibl., która utworzyła rek.
control field xx004949144
003 - Siglum bibl., której nr kontr. jest w 001
control field NUKAT
005 - Data i czas ostatniej operacji
control field 20260429130318.0
008 - Elementy pola stałej długości
fixed length control field 200918s2020 pl a g |001 0dpol c
020 ## - ISBN
ISBN 9788380989849
dopowiedzenie (oprawa twarda) :
warunki dostępności zł 69,00
035 ## - Systemowy numer kontrolny
systemowy numer kontrolny (OCoLC)1199642235
035 ## - Systemowy numer kontrolny
systemowy numer kontrolny (NUKAT)xx004949144
040 ## - Instytucja sporządzająca opis
Instytucja, która sporządziła opis KAT U/MB
język katalgowania-trzyzn. kod pol
zasady opisu rda
Instytucja, która sporządziła rekord KAT U/MBs
Instytucja, która zmodyfikowała rekord KAT U/DB
-- WR O/PCs
-- WA 14/ABs
-- OLSZT 008/bak
045 0# - Okres czasu dla zawartości
czas między r. 9999 pne a nasz. czas. d1920
046 ## - Kod rodz. daty, data1, data2 (daty pne)
Begin/single date 2020
100 1# - Hasło główne-nazwa osobowa
Nazwa osobowa Odziemkowski, Janusz
Daty biograficzne (1950- ).
rodzaj współpracy Autor
9 (RLIN) 40878
245 10 - Tytuł właściwy i oznaczenie odpow.
tytuł Ostatnia bije godzina... 1920 r. :
dodatek do tytułu Armia Ochotnicza gen. Józefa Hallera /
dod. inf. ze s. tyt./ozn. odpow. Janusz Odziemkowski.
260 ## - Adres wydawniczy
miejsce wydania, dystrybucji itp. [Warszawa] :
nazwa wydawcy, dystrybutora itp. Instytut Pamięci Narodowej - Komisja Ścigania Zbrodni przeciwko Narodowi Polskiemu,
data wydania, dystrybucji itp. copyright 2020.
300 ## - Opis fizyczny
objętość i/lub forma materiału 478, [1] strona :
inne szczegóły opisu fizycznego ilustracje (w tym kolorowe) ;
format 30 cm.
336 ## - Content Type
Term Tekst
Code txt
Source rdacontent
336 ## - Content Type
Term Obraz
Code sti
Source rdacontent
337 ## - Media Type
Term Bez urządzenia pośredniczącego
Code n
Source rdamedia
338 ## - Carrier Type
Term Wolumin
Code nc
Source rdacarrier
380 ## - Form of work
Form of work Albumy i książki artystyczne
380 ## - Form of work
Form of work Książki
388 1# - TIME PERIOD OF CREATION
Time period of creation term 2001-
504 ## - Uwaga o bibliografii
uwaga o bibliografii Bibliografia na stronach 468-473. Indeks.
600 17 - Hasło przedmiotowe-nazwa osobowa
nazwa osobowa Haller, Józef
daty biograficzne (1873-1960)
źródło hasła DBN
9 (RLIN) 40879
610 27 - Hasło przedmiotowe-nazwa ciała zbior.
nazwa ciała zbior. lub geogr. Armia Ochotnicza (1920)
źródło hasła DBN
9 (RLIN) 40880
610 17 - Hasło przedmiotowe-nazwa ciała zbior.
nazwa ciała zbior. lub geogr. Polska.
nazwa jednostki podrzędnej Wojsko Polskie (1918-1939).
-- Armia Ochotnicza
określnik formy wydawnictwa ilustrowane.
źródło hasła kaba
9 (RLIN) 40881
610 17 - Hasło przedmiotowe-nazwa ciała zbior.
nazwa ciała zbior. lub geogr. Polska.
nazwa jednostki podrzędnej Wojsko Polskie (1918-1939).
-- Armia Ochotnicza
określnik formy biografie.
źródło hasła kaba
9 (RLIN) 40882
648 #7 - SUBJECT ADDED ENTRY--CHRONOLOGICAL TERM
Chronological term 1901-2000
Source of heading or term DBN
9 (RLIN) 34996
648 #7 - SUBJECT ADDED ENTRY--CHRONOLOGICAL TERM
Chronological term 1918-1939
Source of heading or term DBN
9 (RLIN) 36041
650 #7 - Hasło przedmiotowe-nazwa pospolita
nazwa pospolita lub geogr. Fotografia polska
źródło hasła DBN
9 (RLIN) 35386
650 #7 - Hasło przedmiotowe-nazwa pospolita
nazwa pospolita lub geogr. Wojna polsko-bolszewicka (1919-1920)
źródło hasła DBN
9 (RLIN) 35671
650 #7 - Hasło przedmiotowe-nazwa pospolita
nazwa pospolita lub geogr. Warszawa, Bitwa (1920)
określnik formy wydawnictwa ilustrowane.
źródło hasła kaba
9 (RLIN) 40883
650 #7 - Hasło przedmiotowe-nazwa pospolita
nazwa pospolita lub geogr. Wojna polsko-bolszewicka (1919-1920)
określnik formy wydawnictwa ilustrowane.
źródło hasła kaba
9 (RLIN) 40885
650 #7 - Hasło przedmiotowe-nazwa pospolita
nazwa pospolita lub geogr. Wojna polsko-bolszewicka (1919-1920)
określnik formy biografie.
źródło hasła kaba
9 (RLIN) 40884
651 #7 - Hasło przedmiotowe-nazwa geogr.
nazwa geograficzna Polska
źródło hasła DBN
9 (RLIN) 35076
655 #7 - Termin określający rodzaj/formę
rodzaj/forma Album
źródło terminu DBN
9 (RLIN) 35390
658 ## - Nazwa określająca cel programu nauczania
główny cel programu nauczania Bezpieczeństwo i wojskowość
658 ## - Nazwa określająca cel programu nauczania
główny cel programu nauczania Historia
710 2# - Hasło dodatkowe - nazwa ciała zbior.
nazwa ciała zbior. lub nazwa geogr. Instytut Pamięci Narodowej - Komisja Ścigania Zbrodni przeciwko Narodowi Polskiemu.
rodzaj współpracy Wydawca
kod rodzaju współpracy pbl
9 (RLIN) 11792
920 ## - ISBN
ISBN 978-83-8098-984-9 (oprawa twarda) : zł 69,00
942 ## - ADDED ENTRY ELEMENTS (KOHA)
Source of classification or shelving scheme Dewey Decimal Classification
Koha item type pozycje dostępne na miejscu
Egzemplarze
Status wycofania Status zagubienia Klasyfikacja Status uszkodzenia Blokada wypożyczeń Kolekcja Lokalizacja macierzysta Lokalizacja bieżąca Data nabycia Numer akcesji Źródło akcesji Cena Nr inwentarzowy il. wypożyczeń Sygnatura Kod kreskowy Date last seen Price effective from Typ egz.
    Dewey Decimal Classification nieuszkodzona   książka w magazynie Biblioteka Instytutu Północnego w Olsztynie Biblioteka Instytutu Północnego w Olsztynie 30/11/2020 D-36/2020 dar 69.00 59971   59971 IPWK24075 29/04/2026 29/04/2026 pozycje dostępne na miejscu
Biblioteka Instytutu Północnego, ul. Partyzantów 87, 10-402 Olsztyn, email: biblioteka(at)ip.olsztyn.pl